En la cárcel: Apuntaciones para la historia de la Revolución de 1891
-д хадгалсан:
| Үндсэн зохиолч: | |
|---|---|
| Формат: | Ном |
| Хэл сонгох: | испани |
| Хэвлэсэн: |
Santiago
Imprenta Ercilla
1893
|
| Хэвлэл: | 1a. ed |
| Нөхцлүүд: | |
| Шошгууд: |
Шошго нэмэх
Шошго байхгүй, Энэхүү баримтыг шошголох эхний хүн болох!
|
MARC
| LEADER | 00000nam a2200000 a 4500 | ||
|---|---|---|---|
| 001 | UCJ5330 | ||
| 003 | CL-VaPUC | ||
| 008 | 070124e18930000CL |||||||||||||||||spa|d | ||
| 082 | 0 | 4 | |a 983 |b SOL |2 21 |
| 100 | 0 | |a Solano, José María |e author |9 510401 | |
| 245 | 1 | 0 | |a En la cárcel: Apuntaciones para la historia de la Revolución de 1891 |
| 250 | |a 1a. ed | ||
| 300 | |a xv, 284 p | ||
| 942 | |c BK | ||
| 945 | |d 20070124 00:00:00 |a rinostro | ||
| 260 | |a Santiago |b Imprenta Ercilla |c 1893 | ||
| 500 | |a Incluye, como apéndice, una nómina de presos políticos del régimen del Presidente Balmaceda | ||
| 650 | 7 | |a GUERRA CIVIL DE 1891 |2 CL-VaPUC |9 408173 | |
| 650 | 0 | |a Presidentes de Chile |9 268293 | |
| 650 | 7 | |a MEMORIAS |2 CL-VaPUC |9 269159 | |
| 650 | 7 | |a PRESOS POLITICOS |2 CL-VaPUC |9 510402 | |
| 583 | |a last modification |c 20070124 00:00:00 |k Rodrigo Vera | ||
| 999 | |c 321440 |d 321438 | ||
| 952 | |0 0 |1 0 |4 0 |6 983_000000000000000_SOL_1893 |7 0 |8 X |9 400175 |a FDOBUD |b FDOBUD |d 2019-11-22 |i 1033042 |o 983 SOL 1893 |p 1033042 |r 2019-11-22 |w 2019-11-22 |y BK_X |k BUD | ||